Movies Quiz

Random Movies or Box Office Quiz

Highest Grossing G Rated Movies Slideshow Quiz Stats

 Plays Quiz Updated Jan 5, 2018

Score 0/25 Timer 05:00
3 Plays Today
% Correct
The Lion King (1994), $422,783,777
99.8%
Cars (2006), $244,082,982
98.5%
Finding Nemo (2003), $380,843,261
98.3%
Toy Story 3 (2010), $415,004,880
98%
Toy Story 2 (1999), $245,852,179
98%
Toy Story (1995), $191,796,233
97.9%
Cars 2 (2011), $191,452,396
97%
Monsters, Inc. (2001), $289,916,256
96.2%
Tarzan (1999), $171,091,819
95.7%
Snow White and the Seven Dwarfs (1937), $184,925,486
95.4%
Aladdin (1992), $217,350,219
95%
WALL-E (2008), $223,808,164
95%
Cars 3 (2017), $152,901,115
94.7%
% Correct
Beauty and the Beast (1991), $218,967,620
94.2%
The Jungle Book (1967), $141,843,612
94.1%
A Bug's Life (1998), $162,798,565
91.7%
Monsters University (2013), $268,492,764
89.5%
The Sound of Music (1965), $158,671,378
88.7%
Ratatouille (2007), $206,445,654
87%
The Polar Express (2004), $185,551,168
85.8%
Pocahontas (1995), $141,579,773
84.7%
101 Dalmatians (1961), $144,880,014
84.4%
Gone With the Wind (1939), $198,676,459
76.7%
Dr. Seuss' Horton Hears a Who (2008), $154,629,439
76.5%
Rio (2011), $143,619,809
71.1%

You're not logged in!

Compare scores with friends on all Sporcle quizzes.
OR
Log In

You Might Also Like...

Show Comments

Extras

Top Quizzes Today


Score Distribution

Your Account Isn't Verified!

In order to create a playlist on Sporcle, you need to verify the email address you used during registration. Go to your Sporcle Settings to finish the process.

Report this User

Report this user for behavior that violates our Community Guidelines.

Details: